Mineral Planning (Record no. 119018)

MARC details
000 -LEADER
fixed length control field 00513cas a22001815a 4500
001 - CONTROL NUMBER
control field L138729
008 - FIXED-LENGTH DATA ELEMENTS--GENERAL INFORMATION
fixed length control field 070705d19792006xxkqr p 0 a0eng u
035 ## - SYSTEM CONTROL NUMBER
System control number (Sirsi) u138729
041 0# - LANGUAGE CODE
Language code of text/sound track or separate title eng
245 00 - TITLE STATEMENT
Title Mineral Planning
260 ## - PUBLICATION, DISTRIBUTION, ETC.
Place of publication, distribution, etc. Northallerton
Name of publisher, distributor, etc. Mineral Planning
Date of publication, distribution, etc. 1979-2006
362 0# - DATES OF PUBLICATION AND/OR SEQUENTIAL DESIGNATION
Dates of publication and/or sequential designation March 1981-(108) September 2006
554 ## -
-- Four per year
651 #4 - SUBJECT ADDED ENTRY--GEOGRAPHIC NAME
Geographic name United Kingdom
Chronological subdivision
690 ## - LOCAL SUBJECT ADDED ENTRY--TOPICAL TERM (OCLC, RLIN)
Topical term or geographic name as entry element PROPERTY-RURAL AND NATURAL ASSETS-MINERAL RESOURCES
785 00 - SUCCEEDING ENTRY
Title Waste Planning
International Standard Serial Number 0965-3147
942 ## - ADDED ENTRY ELEMENTS (KOHA)
Suppress in OPAC 0
Holdings
Withdrawn status Lost status Source of classification or shelving scheme Damaged status Not for loan Home library Current library Shelving location Date acquired Total Checkouts Full call number Barcode Date last seen Price effective from Koha item type
    Dewey Decimal Classification     London London Gallery 05/07/2007   WASTE PLANNING 138729-1001 06/08/2019 06/08/2019 Journal